000
00279nam a22001097a 4500
082
_a
669 HIG'E
100
_a
HIGGINS, RAYMOND A
_9
40763
245
_a
ENGINEERING METALLURGY PART-II METALLURGICAL PROCESS TECHNOLOGY
260
_a
LONDON
_b
EUP
_c
1960
300
_a
404P
942
_c
BK
999
_c
584806
_d
584806